| 000 | 00717 a2200157 4500 | ||
|---|---|---|---|
| 003 | Nust | ||
| 005 | 20170207154204.0 | ||
| 040 | _cNust | ||
| 082 | _a512 | ||
| 100 | _aMohammad, Kh. Dil | ||
| 245 |
_aDil's new algebra _cDil Mohammad |
||
| 260 |
_aLahore _bKhwaja Book Depot _c1957 |
||
| 300 | _a572 p. | ||
| 505 | _aGeneralized Arithmetic Substitution (Page-1), Positive And Negative Quantities (Page-10), Addition, Subscription And Brackers (Page-18), Multiplication (Page-34), Division (Page-55), Simple Equations (Page-75), Fractions (Page-172), Involution And Evolution (Page-279), Remainder Theorem (Page-320), Elimination (Page-393), Problems (Page-428), Variation (Page-476), Graphs (Page-489). | ||
| 650 | _aAlgebra | ||
| 942 |
_2ddc _cBK |
||
| 999 |
_c194796 _d194796 |
||